I principi contabili internazionali : caratteristiche, struttura, contenuto.

Bibliographic Details
Format: eBook
Language:Italian
Published: Turin, [Italy] : G. Giappichelli Editore, 2013.
Subjects:
Online Access:Click to View
LEADER 01493nam a2200397 i 4500
001 EBC2071095
003 MiAaPQ
005 20200520144314.0
006 m o d |
007 cr cnu||||||||
008 150711t20132013it o 000 0 ita d
020 |a 9788834826843  |q (electronic bk.) 
035 |a (MiAaPQ)EBC2071095 
035 |a (Au-PeEL)EBL2071095 
035 |a (CaPaEBR)ebr11069316 
035 |a (OCoLC)921843001 
040 |a MiAaPQ  |b eng  |e rda  |e pn  |c MiAaPQ  |d MiAaPQ 
043 |a e-it--- 
050 4 |a KKH1072  |b .P756 2013 
082 0 |a 346.45063  |2 23 
245 0 2 |a I principi contabili internazionali :  |b caratteristiche, struttura, contenuto. 
264 1 |a Turin, [Italy] :  |b G. Giappichelli Editore,  |c 2013. 
264 4 |c 2013 
300 |a 1 online resource (607 pages) 
336 |a text  |2 rdacontent 
337 |a computer  |2 rdamedia 
338 |a online resource  |2 rdacarrier 
588 |a Description based on online resource; title from PDF title page (ebrary, viewed July 11, 2015). 
590 |a Electronic reproduction. Ann Arbor, MI : ProQuest, 2015. Available via World Wide Web. Access may be limited to ProQuest affiliated libraries. 
650 0 |a Accounting  |x Law and legislation  |z Italy. 
650 0 |a Accounting. 
650 0 |a Auditing  |x Standards. 
650 0 |a Financial statements  |x Standards. 
655 4 |a Electronic books. 
797 2 |a ProQuest (Firm) 
856 4 0 |u https://ebookcentral.proquest.com/lib/matrademy/detail.action?docID=2071095  |z Click to View